| 000 | 00682nam a2200253 a 4500 | ||
|---|---|---|---|
| 001 | BRL_998 | ||
| 005 | 20190320211003.0 | ||
| 008 | 301013s1980----mx-#######---#000-1#spa-# | ||
| 020 | _a9682700922 | ||
| 041 | _aspa | ||
| 044 | _amx | ||
| 050 | 4 |
_aPQ7297.M66 _b.O27 1980 |
|
| 100 | 1 |
_aMonterroso, Augusto _925527 |
|
| 245 | 1 | 0 |
_aObras Completas _by otros cuentos _cAugusto Monterroso. |
| 250 | _a6a ed. | ||
| 260 |
_aMéxico _bJoaquín Mortiz _c1980 |
||
| 300 |
_a140 p. _c18 cm. |
||
| 440 | 0 |
_aSerie del volador _923487 |
|
| 500 | _aAu1138 | ||
| 500 | _aIncluye dedicatoria a Ruth Lechuga | ||
| 650 | 1 | 4 |
_aCuentos mexicanos _ySiglo XX _925042 |
| 902 | _aGRL | ||
| 942 |
_2lcc _cB |
||
| 999 |
_c9810 _d9810 |
||